000 00567nam a22001937a 4500
005 20140310183639.0
008 131214b xxu||||| |||| 00| 0 eng d
020 _a9780071311182
050 _aQA 76.9.A73
_b.M478 2011
100 _aMcLoughlin, Ian.
245 _aComputer architecture :
_ban embedded approach /
_cIan McLoughlin.
260 _aSingapore :
_bMcGraw-Hill,
_c2011.
300 _axv, 498 p. :
_bill. ;
_c24 cm.
504 _aIncludes Index.
521 _aIT
650 _aComputer architecture.
942 _2lcc
_cBK
_kFOR
999 _c25778
_d25778